000 00720nam a2200289 a 4500
003 AR-BaBNM
005 20251128203225.0
008 082120s2002 ||||||||||||||000 | spa||
040 _cAR-BaBNM
100 1 _aLugones, Leopoldo
245 0 0 _aAntología poética
250 _a9ª ed.
260 _aBuenos Aires
_bEspasa-Calpe
_c1965
300 _a242 p.
490 0 _aAustral
_vv. 200
650 4 _aLITERATURA ARGENTINA
650 4 _aPOESIA
650 4 _aCOSTUMBRES Y TRADICIONES
650 4 _aANTOLOGIAS
653 _aMODERNISMO
653 _aINFLUENCIA CLASICA
653 _aLITERATURA GAUCHESCA
655 _aLITERATURA
700 1 _aObligado, Carlos
_ecompilador
942 _cBK
998 _cMARTIN
999 _c2469
_d2469